La raíz del racismo ayer y hoy /
Sábháilte in:
| Príomhchruthaitheoir: | |
|---|---|
| Formáid: | Anaithnid |
| Teanga: | Spanish |
| Ábhair: | |
| Clibeanna: |
Cuir clib leis
Níl clibeanna ann, Bí ar an gcéad duine le clib a chur leis an taifead seo!
|
MARC
| LEADER | 00000 a2200000 4500 | ||
|---|---|---|---|
| 008 | 150204s2008 ho ||||| |||| 00| 0 spa d | ||
| 100 | 1 | |a Pastor Fasquelle, Rodolfo | |
| 245 | 1 | 3 | |a La raíz del racismo ayer y hoy / |c Rodolfo Pastor Fasquelle |
| 300 | |a 145-148 páginas | ||
| 650 | 1 | 4 | |a DISCRIMINACION RACIAL |
| 773 | 0 | |d Tegucigalpa, Honduras: Instituto Hondureño de Antropología e Historia, 1975- |t Yaxkin: órgano de divulgación Revista del Instituto Hondureño de Antropologia e Historia |g Volumen 24, Número 1 (2008), páginas 145-148 | |
| 942 | |2 ddc |c ARC | ||
| 999 | |c 3839 |d 3839 | ||
